| 000 | 00576nam a2200205Ia 4500 | ||
|---|---|---|---|
| 003 | GCL | ||
| 008 | 140319s9999 xx 000 0 ara d | ||
| 020 | _a3015609977 | ||
| 040 |
_aGCL / _cGCL |
||
| 082 | 0 | 4 |
_a229.415 _bم ق |
| 100 | 1 | _aمحمد عثمان نجاتى | |
| 245 | 1 | 0 |
_aالقرأن وعلم النفس / _cمحمد عثمان نجاتى |
| 250 | _aالخامسة | ||
| 260 |
_aالقاهرة : _bدار الشروق ، _c1993 |
||
| 300 |
_a319ص ؛ _c24 سم |
||
| 490 | _a | ||
| 650 | 0 | 4 | _aعلم النفس |
| 650 | 0 | 4 | _aالقران |
| 942 |
_2ddc _cBK |
||
| 999 |
_c28138 _d28138 |
||